Atomic energy levels as derived from the analysis of optical spectra (Record no. 2702)

MARC details
000 -LEADER
fixed length control field 00986nam a2200193Ia 4500
003 - CONTROL NUMBER IDENTIFIER
control field IN-BaIIA
008 - FIXED-LENGTH DATA ELEMENTS--GENERAL INFORMATION
fixed length control field 211028s9999 xx 000 0 eng d
040 ## - CATALOGING SOURCE
Transcribing agency IIA Library
080 ## - UNIVERSAL DECIMAL CLASSIFICATION NUMBER
Universal Decimal Classification number 083:53
Item number NBS
100 ## - MAIN ENTRY--PERSONAL NAME
Personal name Moore, C. E.
9 (RLIN) 4839
245 #0 - TITLE STATEMENT
Title Atomic energy levels as derived from the analysis of optical spectra
Remainder of title vol. III, the spectra of molybdenum, technetium, ruthenium, rhodium, palladium, silver, cadmium, indium, tin, antimony, tellurium, iodine, xenon, cesium, barium, lanthanum, hafnium, tantalum, tungsten, rhenium, osmium, iridium, platinum, gold mercury, thallium, lead, bismuth, polonium, radon and radium and actinium
Statement of responsibility, etc. C. E. Moore
260 ## - PUBLICATION, DISTRIBUTION, ETC.
Place of publication, distribution, etc. Washington
Name of publisher, distributor, etc. U. S. Government Printing Office
Date of publication, distribution, etc. 1958
300 ## - PHYSICAL DESCRIPTION
Extent xxxviii, 245p.
490 ## - SERIES STATEMENT
Series statement Circular of the national bureau of standards; 467
650 ## - SUBJECT ADDED ENTRY--TOPICAL TERM
Topical term or geographic name entry element Atomic energy levels
9 (RLIN) 4840
650 ## - SUBJECT ADDED ENTRY--TOPICAL TERM
Topical term or geographic name entry element Optical spectra
9 (RLIN) 4841
650 ## - SUBJECT ADDED ENTRY--TOPICAL TERM
Topical term or geographic name entry element Spectra of atoms
9 (RLIN) 4842
942 ## - ADDED ENTRY ELEMENTS (KOHA)
Koha item type Books
Holdings
Withdrawn status Lost status Damaged status Not for loan Home library Current library Shelving location Date acquired Cost, normal purchase price Total Checkouts Full call number Barcode Date last seen Cost, replacement price Price effective from Koha item type Purchase Price
        IIA Library-Bangalore IIA Library-Bangalore General Stacks 22/02/1967 22.50   083:53/ NBS 3013 05/11/2021 22.50 22/02/1967 Books Rs. 22.50

Powered by Koha